00909nam a2200253 a 450000100060000000300080000600500170001400800410003102000150007203500190008704000270010604100080013308200240014110000340016524500500019926000390024930000320028835000110032065000280033194200120035999900170037195201320038895201350052055173BD-RjUL20211209080227.0161114s1971 enka 001 0 eng  a041210590X a(BD-RjUL)55295 aDLCcDLCdBD-RjULbeng aeng00223a536.7bRAG 19711 aRamsay, James Arthur.916441012aA guide to thermodynamics /cby J. A. Ramsay. aLondon :bChapman and Hall,c1971. ax, 211 p. :bill. ;c20 cm. a£2.75 0aThermodynamics.9164411 2ddccBK c55173d55173 00102ddc40708NFICaRUCLbRUCLcStackd1980-02-23eHefferg2.23l0o536.7 RAG 1971r2016-11-14 00:00:00tC-2w2016-11-14yBK 00102ddc40718NFICaRUCLbRUCLcReadingd1980-02-23eHeffersg2.25l0o536.7 RAG 1971r2017-05-09 00:00:00tC-1w2017-05-09yBK